{"text_format":"1","workbook":"xlsx","n_sheets":1,"sheets":["inv vivero enero 2022"],"not_rendered":{"charts":0,"images":2,"macros":0,"external_links":0,"defined_names":0,"comments":0,"pivot_tables":0},"unopened":[],"bounds":{"document_bytes":16777216,"sheet_cells":100000,"rows_first":2000,"rows_last":500,"rows_between":2000,"halvings":0,"cell_chars":16384,"cell_head_chars":4096},"cells_cut":0,"cells_raw":0,"read":"whole","date_system":"1900"}

{"sheet":"inv vivero enero 2022","index":0,"n_rows":88,"n_cols":8,"rows_kept":88,"cut":false,"hidden":false,"merged":[[87,0,87,6],[35,0,35,7],[36,0,36,7],[37,0,37,7],[68,0,68,7],[69,0,69,7],[70,0,70,7],[22,0,22,6],[54,0,54,6],[72,6,74,6],[72,7,74,7],[72,0,74,0],[72,1,74,1],[72,2,74,2],[72,3,74,3],[72,4,74,4],[72,5,74,5],[6,1,8,1],[6,2,8,2],[6,3,8,3],[6,4,8,4],[6,5,8,5],[6,6,8,6],[39,0,41,0],[39,1,41,1],[39,2,41,2],[39,3,41,3],[39,4,41,4],[39,5,41,5],[39,6,41,6],[39,7,41,7],[6,7,8,7],[6,0,8,0],[0,0,0,7],[1,0,1,7],[2,0,2,7]]}
["INSTITUTO DEL TABACO DE LA REPÚBLICA DOMINICANA"]
["INVENTARIO DE VIVERO"]
["MES DE ENERO 2022"]
[]
["Fecha de"]
[]
["Fecha de adquisión y/o registro","Artículo","Código Institucional","Descripción artículo","Existencia","Unidad","Costo","Valor"]
[]
[]
["2021-08-31","FERTILIZANTE ( 1 )","AGU-CRI","PLANTA DE AGUACATE CRIOLLO",118,"UND",10,{"$f":"+G10*E10","v":1180}]
["2021-08-31","FERTILIZANTE ( 1 )","LIM-C","PLANTA DE LIMON CRIOLLO",70,"UND",10,700]
["2021-08-31","FERTILIZANTE ( 1 )","PLAN-PERA","PLANTA DE PERA",14,"UND",10,140]
["2021-08-31","GENERAL ( 10 )","PITA-HAYA","PLANTA DE PITAHAYA",212,"UND",10,2120]
["2021-08-31","GENERAL ( 10 )","PLA-GRA","PLANTA DE GRANADA",49,"UND",10,490]
["2021-08-31","GENERAL ( 10 )","PLANT-CER","PLANTA DE CEREZA",62,"UND",10,620]
["2021-08-31","GENERAL ( 10 )","PLANT-GUANABA","PLANTA DE GUANABANA",70,"UND",10,700]
["2021-08-31","GENERAL ( 10 )","PLANT-NARAGRIA","PLANTA DE NARANJA  AGRIA",923,"UND",10,9230]
["2021-08-31","GENERAL ( 10 )","PLANT-PALMANILA","PLANTA DE PALMA MANILA",50,"UND",10,500]
["2021-08-31","GENERAL ( 10 )","PLANT-TAMA","PLANTA DE TAMARINDO",392,"UND",10,3920]
["2021-08-31","OTROS ( 5 )","PLANTMANGO","PLANTA DE MANGO",27,"UND",10,270]
["2021-08-31","OTROS ( 5 )","PLANTZAPOTE","PLANTA DE ZAPOTE",10,"UND",10,100]
["2021-08-31","VENENO ( 2 )","PLAN-GRA","PLANTA DE GRANADILLO",50,"UND",10,500]
["TOTAL",null,null,null,null,null,null,{"$f":"SUM(H10:H22)","v":20470}]
[]
[]
[]
[]
[]
[]
[]
[]
[]
[]
[]
[]
["INSTITUTO DEL TABACO DE LA REPÚBLICA DOMINICANA"]
["INVENTARIO DE VIVERO"]
["MES DE FEBRERO 2022"]
[]
["Fecha de adquisión y/o registro","Artículo","Código Institucional","Descripción artículo","Existencia","Unidad","Costo","Valor"]
[]
[]
["2021-08-31","FERTILIZANTE ( 1 )","LIM-C","PLANTA DE LIMON CRIOLLO",70,"UND",10,{"$f":"+G43*E43","v":700}]
["2021-08-31","FERTILIZANTE ( 1 )","PLAN-PERA","PLANTA DE PERA",14,"UND",10,140]
["2021-08-31","GENERAL ( 10 )","PITA-HAYA","PLANTA DE PITAHAYA",212,"UND",10,2120]
["2021-08-31","GENERAL ( 10 )","PLA-GRA","PLANTA DE GRANADA",49,"UND",10,490]
["2021-08-31","GENERAL ( 10 )","PLANT-CER","PLANTA DE CEREZA",62,"UND",10,620]
["2021-08-31","GENERAL ( 10 )","PLANT-GUANABA","PLANTA DE GUANABANA",70,"UND",10,700]
["2021-08-31","GENERAL ( 10 )","PLANT-NARAGRIA","PLANTA DE NARANJA  AGRIA",773,"UND",10,7730]
["2021-08-31","GENERAL ( 10 )","PLANT-PALMANILA","PLANTA DE PALMA MANILA",50,"UND",10,500]
["2021-08-31","GENERAL ( 10 )","PLANT-TAMA","PLANTA DE TAMARINDO",392,"UND",10,3920]
["2021-08-31","OTROS ( 5 )","PLANTMANGO","PLANTA DE MANGO",27,"UND",10,270]
["2021-08-31","OTROS ( 5 )","PLANTZAPOTE","PLANTA DE ZAPOTE",10,"UND",10,100]
["2021-08-31","VENENO ( 2 )","PLAN-GRA","PLANTA DE GRANADILLO",50,"UND",10,500]
["TOTAL",null,null,null,null,null,null,{"$f":"SUM(H43:H54)","v":17790}]
[]
[]
[]
[]
[]
[]
[]
[]
[]
[]
[]
[]
[]
["INSTITUTO DEL TABACO DE LA REPÚBLICA DOMINICANA"]
["INVENTARIO DE VIVERO"]
["MES DE MARZO 2022"]
[]
["Fecha de adquisión y/o registro","Artículo","Código Institucional","Descripción artículo","Existencia","Unidad","Costo","Valor"]
[]
[]
["2021-08-31","ALMACEN VIVEROS","FERTILIZANTE ( 1 )","LIM-C",35,"UND",10,{"$f":"+G76*E76","v":350}]
["2021-08-31","ALMACEN VIVEROS","FERTILIZANTE ( 1 )","PLAN-PERA",14,"UND",10,{"$f":"+G77*E77","v":140}]
["2021-08-31","ALMACEN VIVEROS","GENERAL ( 10 )","PITA-HAYA",212,"UND",10,2120]
["2021-08-31","ALMACEN VIVEROS","GENERAL ( 10 )","PLA-GRA",49,"UND",10,490]
["2021-08-31","ALMACEN VIVEROS","GENERAL ( 10 )","PLANT-CER",38,"UND",10,380]
["2021-08-31","ALMACEN VIVEROS","GENERAL ( 10 )","PLANT-GUANABA",58,"UND",10,580]
["2021-08-31","ALMACEN VIVEROS","GENERAL ( 10 )","PLANT-NARAGRIA",748,"UND",10,7480]
["2021-08-31","ALMACEN VIVEROS","GENERAL ( 10 )","PLANT-PALMANILA",30,"UND",10,300]
["2021-08-31","ALMACEN VIVEROS","GENERAL ( 10 )","PLANT-TAMA",392,"UND",10,3920]
["2021-08-31","ALMACEN VIVEROS","OTROS ( 5 )","PLANTMANGO",2,"UND",10,20]
["2021-08-31","ALMACEN VIVEROS","OTROS ( 5 )","PLANTZAPOTE",8,"UND",10,80]
["2021-08-31","ALMACEN VIVEROS","VENENO ( 2 )","PLAN-GRA",35,"UND",10,350]
["TOTAL",null,null,null,null,null,null,{"$f":"SUM(H76:H87)","v":16210}]